|
|
|
|
| LEADER |
00966cam a2200229 7i4500 |
| 001 |
0000057749 |
| 005 |
20210304090000.0 |
| 020 |
|
|
|a 9781439856253 (electronic book)
|
| 090 |
0 |
0 |
|a HG9396
|b .C63 2013
|
| 100 |
1 |
|
|a Cochran, Catherine
|
| 245 |
1 |
0 |
|a Handling the medical claim :
|b an 8-step guide on "how-to" correct and resolve claim issues
|c Catherine Cochran.
|
| 264 |
|
|
|a Boca Raton:
|b CRC Press, Taylor & Francis Group,
|c 2013.
|
| 300 |
|
|
|a 1 online resource (xi, 227 pages):
|b illustrations, text file, PDF.
|
| 336 |
|
|
|a text
|2 rdacontent
|
| 337 |
|
|
|a computer
|2 rdamedia
|
| 338 |
|
|
|a online resource
|2 rdacarrier
|
| 650 |
0 |
0 |
|a Clinical Coding
|
| 650 |
0 |
0 |
|a Practice Management
|
| 655 |
0 |
0 |
|a Electronic books
|
| 856 |
4 |
2 |
|u http://library.unisel.edu.my/equip-unisel/custom/ebook_catalog/ebook/HandlingtheMedicalClaimAn8StepGuideon?HowTo?CorrectandResolveClaimIssues.pdf
|
| 997 |
|
|
|a Health Sciences, Faculty
|
| 999 |
|
|
|a EBO0004116
|b EBOOK
|c EBOOK
|e Electronic resources
|